00511 2200181 4500001002100000005001500021035002000036245007500056100002100131260004400152300002600196020002200222084001400244082000800258650001000266008004100276990001200317INLIS00000000000271420251007091530 a0010-09250000611 aPanduan Implementasi Penguatan Pendidikan Karakter /cDyah Sriwilujeng aDyah Sriwilujeng aJakarta :bEsensi Erlangga Group,c2017 a147 ;c(14,5 x 21 cm) a978-602-6847-35-5 a370 DYA p a370 4aFiksi251007 0  a0754916